[Event "Verbandsliga Nordbaden 1819"]
[Site "Baden"]
[Date "2019.03.10"]
[Round "7.2"]
[White "Neidig, Stefan"]
[Black "Engel, Berthold"]
[Result "1-0"]
[WhiteElo "2227"]
[BlackElo "2158"]
[PlyCount "85"]
[EventDate "2018.10.14"]
[EventType "team-tourn"]
[EventRounds "9"]
[EventCountry "GER"]
[SourceTitle "EXT 2020"]
[Source "ChessBase"]
[SourceDate "2019.10.17"]
[SourceVersion "1"]
[SourceVersionDate "2019.10.17"]
[SourceQuality "1"]
[WhiteTeam "Ladenburg"]
[BlackTeam "Buchen II"]
[WhiteTeamCountry "GER"]
[BlackTeamCountry "GER"]

1. c4 Nf6 2. Nc3 e5 3. g3 Bb4 4. Bg2 0-0 5. e3 Bxc3 6. dxc3 d6 7. Ne2 Qe7 8. h3 Nbd7 9. e4 Nc5 10. Qc2 a5 11. a4 b6 12. g4 Ne8 13. Ng3 g6 14. Be3 Ng7 15. 0-0-0 Rb8 16. g5 f5 17. gxf6 Qxf6 18. h4 Nce6 19. Bh3 Nf4 20. Bxc8 Rbxc8 21. Rh2 Rf7 22. b3 Nfh5 23. Nxh5 Nxh5 24. Qe2 Qf3 25. Qxf3 Rxf3 26. Kd2 Kg7 27. Rg1 Rcf8 28. Ke2 R3f7 29. Rh3 Kf6 30. Rg5 Ke6 31. f3 Rb8 32. Rg1 c6 33. Ra1 Ra7 34. Kd3 Ra6 35. Rh2 Nf6 36. Bg5 Nd7 37. h5 b5 38. cxb5 cxb5 39. hxg6 hxg6 40. Rh7 Nf6 41. Rg7 Ng8 42. Rh1 bxa4 43. Rhh7 1-0

[Event "Oberliga Baden 1718"]
[Site "Baden"]
[Date "2018.02.25"]
[Round "7.2"]
[White "Bodrozic, Tomislav"]
[Black "Neidig, Stefan"]
[Result "1-0"]
[WhiteElo "2362"]
[BlackElo "2230"]
[PlyCount "145"]
[EventDate "2017.10.08"]
[EventType "team-tourn"]
[EventRounds "9"]
[EventCountry "GER"]
[SourceTitle "EXT 2019"]
[Source "ChessBase"]
[SourceDate "2018.10.10"]
[SourceVersion "1"]
[SourceVersionDate "2018.10.10"]
[SourceQuality "1"]
[WhiteTeam "Hockenheim II"]
[BlackTeam "Ladenburg"]
[WhiteTeamCountry "GER"]
[BlackTeamCountry "GER"]

1. e4 e5 2. Nf3 Nc6 3. d4 exd4 4. Nxd4 Nf6 5. Nxc6 bxc6 6. e5 Qe7 7. Qe2 Nd5 8. c4 Ba6 9. Nd2 Nb6 10. b3 d5 11. exd6 Qxe2+ 12. Bxe2 cxd6 13. Bb2 0-0-0 14. 0-0-0 f6 15. Rhe1 d5 16. cxd5 Bxe2 17. Rxe2 Nxd5 18. Nf3 Nf4 19. Rxd8+ Kxd8 20. Re4 Nd3+ 21. Kc2 Nxb2 22. Kxb2 Bd6 23. Kc3 Kc7 24. Nd4 g6 25. g3 f5 26. Re2 Kd7 27. f4 Be7 28. Nxc6 Bf6+ 29. Ne5+ Ke6 30. Kc2 Kd5 31. Nc4 Rc8 32. Rd2+ Bd4 33. Re2 h6 34. Kd3 Bf6 35. Ne3+ Kd6 36. Nc4+ Kd5 37. Rc2 Re8 38. Ne3+ Kd6 39. Rc4 Rd8 40. Ke2 Rd7 41. Kf3 Ke7 42. Rc6 Rd2 43. Rc7+ Ke6 44. Rc6+ Kf7 45. Rc2 Rd7 46. Ke2 Re7 47. Rc4 Rd7 48. Rc6 Kg7 49. Re6 Kf7 50. Ra6 Kg7 51. Nc4 Re7+ 52. Kd3 g5 53. Ne3 Rd7+ 54. Kc4 gxf4 55. Nxf5+ Kg6 56. Nxh6 fxg3 57. hxg3 Kg5 58. g4 Bd4 59. Nf7+ Kxg4 60. Rd6 Rxf7 61. Kxd4 Kf5 62. Kc5 Rc7+ 63. Kb5 Ke5 64. Rd2 Ke6 65. b4 Rb7+ 66. Ka5 Ke7 67. a4 Rc7 68. b5 Rc4 69. Rd3 Ke8 70. Ra3 Kd7 71. Ka6 Rc7 72. Rh3 Rc4 73. a5 1-0

[Event "Oberliga Ost-B 1213"]
[Site "Germany"]
[Date "2013.04.14"]
[Round "11.1"]
[White "Holzschuh, Stephan"]
[Black "Neidig, Stefan"]
[Result "0-1"]
[WhiteElo "2319"]
[BlackElo "2220"]
[PlyCount "77"]
[EventDate "2012.09.30"]
[EventType "team-tourn"]
[EventRounds "11"]
[EventCountry "GER"]
[SourceTitle "EXT 2014"]
[Source "ChessBase"]
[SourceDate "2013.11.20"]
[SourceVersion "1"]
[SourceVersionDate "2013.11.20"]
[SourceQuality "1"]
[WhiteTeam "Erfurt Medizin"]
[BlackTeam "Jena Jenapharm"]
[WhiteTeamCountry "GER"]
[BlackTeamCountry "GER"]

1. e4 e5 2. Nf3 Nc6 3. Bc4 Be7 4. 0-0 Nf6 5. d3 0-0 6. c3 d6 7. Bb3 h6 8. Re1 Nh7 9. d4 Bg4 10. d5 Nb8 11. h3 Bh5 12. Qd3 Nd7 13. Bc2 Bg6 14. Nh2 Bg5 15. Nd2 f5 16. Qb5 Bxd2 17. Bxd2 fxe4 18. Bxe4 Bxe4 19. Rxe4 Nc5 20. Re3 Nf6 21. b4 a6 22. Qe2 Ncd7 23. c4 Qe8 24. Rc1 Qf7 25. Rb3 Rfc8 26. a4 c6 27. dxc6 Rxc6 28. Rg3 Kh8 29. b5 axb5 30. axb5 Rc7 31. Bb4 Nc5 32. Rf3 Qe6 33. Re3 Ra4 34. Qd2 Nce4 35. Qe1 Rxc4 36. Rb1 Qc8 37. Nf1 Ra2 38. Rf3 Rcc2 39. Ne3 0-1

[Event "Oberliga Ost-B 1213"]
[Site "Germany"]
[Date "2013.02.24"]
[Round "8.1"]
[White "Goreacinic, Dmitri"]
[Black "Neidig, Stefan"]
[Result "0-1"]
[WhiteElo "2294"]
[BlackElo "2220"]
[PlyCount "162"]
[EventDate "2012.09.30"]
[EventType "team-tourn"]
[EventRounds "11"]
[EventCountry "GER"]
[SourceTitle "EXT 2014"]
[Source "ChessBase"]
[SourceDate "2013.11.20"]
[SourceVersion "1"]
[SourceVersionDate "2013.11.20"]
[SourceQuality "1"]
[WhiteTeam "Offenbach"]
[BlackTeam "Jena Jenapharm"]
[WhiteTeamCountry "GER"]
[BlackTeamCountry "GER"]

1. d4 d5 2. Bg5 c6 3. Nf3 Bf5 4. e3 Nd7 5. Bd3 Bxd3 6. Qxd3 Ngf6 7. 0-0 e6 8. c4 Be7 9. Nc3 0-0 10. Rab1 a5 11. Rfc1 Qb6 12. c5 Qa6 13. Qxa6 Rxa6 14. Na4 h6 15. Bh4 g5 16. Bg3 Ne4 17. Ne5 Nxg3 18. hxg3 Nxe5 19. dxe5 f6 20. Nb6 fxe5 21. Nd7 Rd8 22. Nxe5 Bf6 23. Nd3 e5 24. f3 Rd7 25. Rd1 Ra8 26. g4 Re8 27. Nf2 e4 28. fxe4 d4 29. Kf1 Red8 30. Ke2 dxe3 31. Kxe3 Bd4+ 32. Ke2 Bxc5 33. Rxd7 Rxd7 34. Nd3 Bd4 35. b4 axb4 36. Rxb4 c5 37. Rb5 Re7 38. Kf3 Rf7+ 39. Kg3 c4 40. Nc1 Bf2+ 41. Kh2 Be3 42. Ne2 Rf2 43. Nc3 Bd4 44. Kg3 Rd2 45. Nd5 c3 46. Nxc3 Bxc3 47. Rxb7 Rxa2 48. Kf3 Be5 49. Re7 Ra3+ 50. Kf2 Bf4 51. e5 Kf8 52. Re6 Ra5 53. Rxh6 Bxe5 54. Kf3 Kg7 55. Re6 Kf7 56. Rb6 Bf4 57. g3 Ra3+ 58. Ke4 Re3+ 59. Kd4 Rxg3 60. Ke4 Re3+ 61. Kd4 Re6 62. Rb1 Re2 63. Rb7+ Ke6 64. Rb6+ Bd6 65. Rb5 Be5+ 66. Kd3 Rg2 67. Rb4 Bf4 68. Rb6+ Bd6 69. Ke4 Rxg4+ 70. Kf3 Rb4 71. Ra6 Rf4+ 72. Kg2 Rd4 73. Ra2 Kf5 74. Kh1 Bf4 75. Ra5+ Kg4 76. Ra1 Kh3 77. Kg1 g4 78. Kf1 g3 79. Ra3 Re4 80. Rf3 Bd2 81. Kg1 Re1+ 0-1

[Event "Oberliga Ost-B 1213"]
[Site "Germany"]
[Date "2012.12.09"]
[Round "4.1"]
[White "Donchenko, Alexander"]
[Black "Neidig, Stefan"]
[Result "1-0"]
[WhiteElo "2417"]
[BlackElo "2220"]
[PlyCount "95"]
[EventDate "2012.09.30"]
[EventType "team-tourn"]
[EventRounds "11"]
[EventCountry "GER"]
[SourceTitle "EXT 2014"]
[Source "ChessBase"]
[SourceDate "2013.11.20"]
[SourceVersion "1"]
[SourceVersionDate "2013.11.20"]
[SourceQuality "1"]
[WhiteTeam "Giessen"]
[BlackTeam "Jena Jenapharm"]
[WhiteTeamCountry "GER"]
[BlackTeamCountry "GER"]

1. d4 e6 2. c4 Nf6 3. g3 d5 4. Nf3 Be7 5. Bg2 0-0 6. 0-0 b6 7. cxd5 exd5 8. Nc3 Bb7 9. Ne5 Nbd7 10. Qa4 Nxe5 11. dxe5 Ne8 12. Nxd5 Bxd5 13. Rd1 c6 14. e4 Nc7 15. exd5 cxd5 16. Be3 Qe8 17. Qxe8 Rfxe8 18. Rac1 Rac8 19. Bh3 Ne6 20. Rxc8 Rxc8 21. Rxd5 Rc7 22. Kf1 Kf8 23. Ke2 Ke8 24. Rd1 Rc2+ 25. Rd2 Rc7 26. Bf5 g6 27. Bd3 f6 28. f4 fxe5 29. fxe5 Bf8 30. b3 Bb4 31. Rd1 Bc3 32. Bc4 Re7 33. Rd6 Ng7 34. Bb5+ Kf8 35. Rd8+ Kf7 36. Bc4+ Ne6 37. Bh6 Rc7 38. Rd6 Rxc4 39. bxc4 g5 40. h4 gxh4 41. gxh4 Bxe5 42. Rd7+ Kg6 43. Be3 Bc7 44. Re7 Kf5 45. Rxh7 a5 46. h5 Bd8 47. Rf7+ Ke5 48. h6 1-0

[Event "Oberliga Ost-B 0910 playoff"]
[Site "Germany"]
[Date "2010.04.25"]
[Round "1"]
[White "Neidig, Stefan"]
[Black "Knickel, Aaron"]
[Result "0-1"]
[WhiteElo "2221"]
[BlackElo "2126"]
[PlyCount "94"]
[EventDate "2010.04.25"]
[EventType "team-match"]
[EventRounds "1"]
[EventCountry "GER"]
[SourceTitle "CBM 136 Extra"]
[Source "ChessBase"]
[SourceDate "2010.07.02"]
[SourceVersion "2"]
[SourceVersionDate "2010.07.15"]
[SourceQuality "1"]

1. e4 g6 2. d4 d6 3. Nc3 Bg7 4. Be3 a6 5. a4 b6 6. Bc4 e6 7. Nge2 Ne7 8. Ng3 Bb7 9. Qd2 d5 10. Be2 dxe4 11. Ncxe4 Nf5 12. Rd1 Nxe3 13. Qxe3 Nd7 14. Bf3 Rb8 15. Nc3 Bxf3 16. Qxf3 0-0 17. 0-0 Nf6 18. Qd3 Ra8 19. Qc4 Qd7 20. Rd3 c6 21. Nce4 Qd5 22. Nxf6+ Bxf6 23. Qb4 b5 24. b3 Rfd8 25. Rfd1 Qd7 26. Ne4 Be7 27. Qd2 Qe8 28. Qh6 Qf8 29. Qxf8+ Kxf8 30. Rc3 Rac8 31. Nc5 e5 32. Nxa6 exd4 33. Rcd3 bxa4 34. b4 Ra8 35. Nc5 Bxc5 36. bxc5 a3 37. Ra1 a2 38. Rb3 Rd5 39. Kf1 Rxc5 40. Rb2 Rca5 41. Ke2 Ra3 42. Kd2 Ke7 43. Rb7+ Ke6 44. Kc1 R8a7 45. Rb6 Kd5 46. Kb2 c5 47. Rb8 Kc4 0-1

[Event "Oberliga Ost-A 0910"]
[Site "Germany"]
[Date "2009.11.29"]
[Round "4.1"]
[White "Weitzer, Steffen"]
[Black "Neidig, Stefan"]
[Result "0-1"]
[WhiteElo "2293"]
[BlackElo "2221"]
[PlyCount "84"]
[EventDate "2009.10.18"]
[EventType "team-tourn"]
[EventRounds "11"]
[EventCountry "GER"]
[SourceTitle "EXT 2011"]
[Source "ChessBase"]
[SourceDate "2010.11.26"]
[SourceVersion "1"]
[SourceVersionDate "2010.11.26"]
[SourceQuality "1"]
[WhiteTeam "Leipzig Lok II"]
[BlackTeam "Jena Jenapharm"]
[WhiteTeamCountry "GER"]
[BlackTeamCountry "GER"]

1. e4 e5 2. Nf3 Nc6 3. Bb5 Nf6 4. Qe2 a6 5. Ba4 b5 6. Bb3 Bc5 7. 0-0 0-0 8. d3 h6 9. c3 Re8 10. Be3 Bf8 11. Rd1 d5 12. Nbd2 Na5 13. Bc2 c5 14. Nf1 Nc6 15. Ng3 Qc7 16. Nh4 Bg4 17. f3 Be6 18. Nhf5 d4 19. cxd4 cxd4 20. Bd2 Nb4 21. Bb1 Rac8 22. Nf1 Qd7 23. g4 Nc2 24. Bxc2 Rxc2 25. b3 Rec8 26. Qe1 Nh7 27. Qg3 f6 28. h4 h5 29. Nh2 hxg4 30. Qxg4 Kh8 31. Kh1 Rb2 32. Nf1 Rcc2 33. h5 Rxa2 34. Rxa2 Rxa2 35. Rc1 Bxb3 36. h6 g5 37. Be1 Ba3 38. Nd2 Ba4 39. Rb1 Bc2 40. f4 gxf4 41. Rb3 Bf8 42. Bh4 Qf7 0-1

[Event "Oberliga Ost-A 0910"]
[Site "Germany"]
[Date "2009.11.15"]
[Round "3.1"]
[White "Neidig, Stefan"]
[Black "Reizniece Ozola, Dana"]
[Result "1/2-1/2"]
[WhiteElo "2221"]
[BlackElo "2341"]
[PlyCount "132"]
[EventDate "2009.10.18"]
[EventType "team-tourn"]
[EventRounds "11"]
[EventCountry "GER"]
[SourceTitle "EXT 2011"]
[Source "ChessBase"]
[SourceDate "2010.11.26"]
[SourceVersion "1"]
[SourceVersionDate "2010.11.26"]
[SourceQuality "1"]
[WhiteTeam "Jena Jenapharm"]
[BlackTeam "Loeberitz"]
[WhiteTeamCountry "GER"]
[BlackTeamCountry "GER"]

1. d4 Nf6 2. Nf3 g6 3. c4 Bg7 4. Nc3 d6 5. g3 0-0 6. Bg2 Nc6 7. d5 Na5 8. Nd2 c5 9. Qc2 a6 10. Rb1 b5 11. cxb5 axb5 12. Nxb5 Bb7 13. Nc3 e6 14. 0-0 exd5 15. b4 cxb4 16. Rxb4 Qc7 17. Qd3 Nc6 18. Rb3 Ne5 19. Qb1 Bc6 20. Nb5 Qa5 21. a3 Bd7 22. Nxd6 Ra6 23. Nb7 Qc7 24. Nf3 Bf5 25. Qa2 Nc4 26. Bf4 Qe7 27. Nd4 Bc8 28. Rfb1 Nh5 29. Bxd5 Nxf4 30. gxf4 Nxa3 31. Nc6 Rxc6 32. Bxc6 Nxb1 33. Rxb1 Qc7 34. Qa4 Bf5 35. Rb4 Rc8 36. Rc4 Be6 37. Bd5 Bxd5 38. Rxc7 Rxc7 39. Qd1 Rxb7 40. Qxd5 Rb2 41. e3 Bf6 42. e4 Bh4 43. f3 Be7 44. Qe5 Rb1+ 45. Kg2 Bf8 46. f5 Rb6 47. h4 Bg7 48. Qe8+ Bf8 49. Qc8 Rb5 50. f6 Rb6 51. e5 Re6 52. f4 Rb6 53. Kf3 Rb3+ 54. Ke2 Rb6 55. h5 Re6 56. Qb7 Bh6 57. Qb8+ Bf8 58. Kd3 Ra6 59. hxg6 hxg6 60. Qc8 Rb6 61. f5 gxf5 62. Qxf5 Re6 63. Qg5+ Kh7 64. Ke4 Kh8 65. Kd5 Kh7 66. Qg3 Kh8 1/2-1/2

[Event "Oberliga Ost-A 0809"]
[Site "Germany"]
[Date "2009.02.01"]
[Round "7.2"]
[White "Neidig, Stefan"]
[Black "Stolz, Mike"]
[Result "0-1"]
[WhiteElo "2213"]
[BlackElo "2360"]
[PlyCount "50"]
[EventDate "2008.10.12"]
[EventType "team-tourn"]
[EventRounds "11"]
[EventCountry "GER"]
[SourceTitle "EXT 2010"]
[Source "ChessBase"]
[SourceDate "2010.11.25"]
[SourceVersion "1"]
[SourceVersionDate "2010.11.25"]
[SourceQuality "1"]
[WhiteTeam "Jena Jenapharm"]
[BlackTeam "Magdeburg Rochade"]
[WhiteTeamCountry "GER"]
[BlackTeamCountry "GER"]

1. c4 c6 2. Nf3 Nf6 3. Nc3 d5 4. e3 a6 5. cxd5 cxd5 6. d4 b5 7. Bd3 Bb7 8. 0-0 e6 9. Bd2 Nbd7 10. Qe2 Bd6 11. a3 0-0 12. Na2 Re8 13. Bb4 Bb8 14. Rfc1 e5 15. dxe5 Nxe5 16. Nd4 Ne4 17. Be1 Qd6 18. Bc2 Nc4 19. g3 Ba7 20. Bxe4 dxe4 21. Bc3 Qg6 22. h3 Ne5 23. Kg2 Rad8 24. Nb4 Nd3 25. Rd1 Bxd4 0-1

[Event "Oberliga Ost-A 0809"]
[Site "Germany"]
[Date "2009.01.31"]
[Round "6.2"]
[White "Schoene, Maria"]
[Black "Neidig, Stefan"]
[Result "0-1"]
[WhiteElo "2198"]
[BlackElo "2213"]
[PlyCount "72"]
[EventDate "2008.10.12"]
[EventType "team-tourn"]
[EventRounds "11"]
[EventCountry "GER"]
[SourceTitle "EXT 2010"]
[Source "ChessBase"]
[SourceDate "2010.11.25"]
[SourceVersion "1"]
[SourceVersionDate "2010.11.25"]
[SourceQuality "1"]
[WhiteTeam "Magdeburg Aufbau Elbe"]
[BlackTeam "Jena Jenapharm"]
[WhiteTeamCountry "GER"]
[BlackTeamCountry "GER"]

1. e4 c5 2. Nf3 d6 3. d4 cxd4 4. Nxd4 Nf6 5. Nc3 a6 6. Be3 e6 7. Be2 Nc6 8. Qd2 Bd7 9. 0-0-0 Rc8 10. Kb1 b5 11. Bxb5 axb5 12. Ndxb5 Ne5 13. Nxd6+ Bxd6 14. Qxd6 Nc4 15. Qd3 Nxe3 16. Qxe3 Qc7 17. Rd2 0-0 18. f4 Bc6 19. Rhd1 Qb7 20. Rd4 Rb8 21. b3 Rfc8 22. g3 Qa6 23. e5 Nd5 24. Nxd5 Bxd5 25. Qd3 Qa5 26. c4 Bc6 27. Qd2 Qb6 28. Rd6 g6 29. Qd4 Qb4 30. Rd2 Bf3 31. Ka1 Bg4 32. Qb2 Bf5 33. R2d4 Qe1+ 34. Rd1 Qb4 35. Rc1 Ra8 36. Qc3 Rxa2+ 0-1

[Event "Oberliga Ost-A 0809"]
[Site "Germany"]
[Date "2008.11.30"]
[Round "3.2"]
[White "Neidig, Stefan"]
[Black "Klemm, Dietmar"]
[Result "0-1"]
[WhiteElo "2213"]
[BlackElo "2191"]
[PlyCount "102"]
[EventDate "2008.10.12"]
[EventType "team-tourn"]
[EventRounds "11"]
[EventCountry "GER"]
[SourceTitle "EXT 2010"]
[Source "ChessBase"]
[SourceDate "2010.11.25"]
[SourceVersion "1"]
[SourceVersionDate "2010.11.25"]
[SourceQuality "1"]
[WhiteTeam "Jena Jenapharm"]
[BlackTeam "Leipzig Gohlis II"]
[WhiteTeamCountry "GER"]
[BlackTeamCountry "GER"]

1. c4 Nf6 2. Nf3 c5 3. Nc3 Nc6 4. g3 g6 5. Bg2 Bg7 6. 0-0 0-0 7. d4 cxd4 8. Nxd4 Ng4 9. e3 d6 10. Nxc6 bxc6 11. Bxc6 Rb8 12. Qa4 Ne5 13. Bg2 a5 14. Qc2 Nxc4 15. b3 Ne5 16. Bb2 Bb7 17. e4 Qd7 18. Nd5 Ba6 19. Rfd1 Rfc8 20. Qd2 Nc4 21. bxc4 Rxb2 22. Qxa5 Qa7 23. c5 Rxc5 24. Nxe7+ Qxe7 25. Qxa6 Rcc2 26. Rab1 Rxa2 27. Rb8+ Bf8 28. Qxd6 Qxd6 29. Rxd6 Kg7 30. Rd5 Bc5 31. Rxc5 Rxc5 32. Rb1 Rcc2 33. Rf1 g5 34. Bh3 h5 35. Bf5 Re2 36. Kg2 Kf6 37. h3 Rab2 38. Kf3 Rec2 39. Kg2 Ke5 40. Kf3 Rc3+ 41. Kg2 h4 42. gxh4 gxh4 43. Re1 Rg3+ 44. Kf1 Rf3 45. Re2 Rxe2 46. Kxe2 Kf4 47. Bg4 Ra3 48. f3 Kg3 49. Bh5 Kxh3 50. Bxf7 Kg3 51. Be6 h3 0-1

[Event "Oberliga Ost-A 0506"]
[Site "Germany"]
[Date "2006.04.01"]
[Round "10.1"]
[White "Klawa, Patrick"]
[Black "Neidig, Stefan"]
[Result "1-0"]
[WhiteElo "2276"]
[BlackElo "2264"]
[PlyCount "113"]
[EventDate "2005.11.13"]
[EventType "team-tourn"]
[EventRounds "11"]
[EventCountry "GER"]
[SourceTitle "EXT 2007"]
[Source "ChessBase"]
[SourceDate "2006.11.23"]
[SourceVersion "1"]
[SourceVersionDate "2006.11.23"]
[SourceQuality "1"]
[WhiteTeam "Coswig"]
[BlackTeam "Liebschwitz"]
[WhiteTeamCountry "GER"]
[BlackTeamCountry "GER"]

1. e4 e6 2. d3 c5 3. Nf3 Nc6 4. g3 Be7 5. Bg2 d5 6. Nbd2 Nf6 7. 0-0 d4 8. a4 0-0 9. Nc4 b6 10. Nfe5 Nxe5 11. Nxe5 Qc7 12. f4 Nd7 13. Nc4 Ba6 14. b3 Rae8 15. Bd2 f6 16. h4 Bd6 17. Qe2 Bc8 18. Rae1 e5 19. f5 a6 20. Kh1 b5 21. axb5 axb5 22. Nb2 Bb7 23. g4 Ra8 24. g5 Ra2 25. Bc1 Rc8 26. Bh3 Bf8 27. Rg1 Qd6 28. Rg2 Rc6 29. Reg1 Ra1 30. Qh5 Qe7 31. Qg4 Rca6 32. h5 fxg5 33. Bxg5 Nf6 34. Qh4 Rxg1+ 35. Rxg1 h6 36. Bxh6 Nxe4 37. Rxg7+ Qxg7 38. Bxg7 Nf6+ 39. Bg2 Bxg2+ 40. Kxg2 Bxg7 41. Qg5 Kf8 42. h6 Bh8 43. Nd1 Ra2 44. Qd2 Nd5 45. Kf3 Ra1 46. Qe2 Ke7 47. Qe4 Kd6 48. Nf2 Rf1 49. Qg4 Nf4 50. Qg8 e4+ 51. dxe4 d3 52. cxd3 Bd4 53. Qb8+ Kc6 54. Kxf4 Rxf2+ 55. Kg3 Rd2 56. h7 Rxd3+ 57. Kg4 1-0

[Event "Oberliga Ost-A 0506"]
[Site "Germany"]
[Date "2005.11.13"]
[Round "1.1"]
[White "Stolz, Mike"]
[Black "Neidig, Stefan"]
[Result "1-0"]
[WhiteElo "2404"]
[BlackElo "2264"]
[PlyCount "91"]
[EventDate "2005.11.13"]
[EventType "team-tourn"]
[EventRounds "11"]
[EventCountry "GER"]
[SourceTitle "EXT 2007"]
[Source "ChessBase"]
[SourceDate "2006.11.23"]
[SourceVersion "1"]
[SourceVersionDate "2006.11.23"]
[SourceQuality "1"]
[WhiteTeam "Magdeburg Rochade"]
[BlackTeam "Liebschwitz"]
[WhiteTeamCountry "GER"]
[BlackTeamCountry "GER"]

1. e4 c5 2. Nf3 e6 3. d4 cxd4 4. Nxd4 Nf6 5. Nc3 Nc6 6. Ndb5 d6 7. Bf4 e5 8. Bg5 a6 9. Bxf6 gxf6 10. Na3 f5 11. g3 Be7 12. Bg2 0-0 13. exf5 Bxf5 14. Nd5 Rc8 15. 0-0 Be6 16. Nc4 b5 17. Nxe7+ Qxe7 18. Nb6 Rc7 19. c3 Na5 20. Nd5 Bxd5 21. Bxd5 Nc4 22. Qe2 Kh8 23. Rfd1 f5 24. a4 Rc5 25. axb5 axb5 26. Ra6 Rd8 27. b3 Rxd5 28. Rxd5 Qb7 29. Raxd6 Nxd6 30. Rxd6 Re8 31. Qd3 Ra8 32. Rd8+ Rxd8 33. Qxd8+ Kg7 34. Qg5+ Kh8 35. Qf6+ Kg8 36. Qe6+ Qf7 37. Qxf7+ Kxf7 38. f3 Ke6 39. Kf2 Kd5 40. Ke3 h5 41. h3 Ke6 42. g4 hxg4 43. hxg4 Kf6 44. gxf5 Kxf5 45. c4 bxc4 46. bxc4 1-0

[Event "Oberliga Ost-A 0405"]
[Site "Germany"]
[Date "2005.04.10"]
[Round "11.1"]
[White "Neidig, Stefan"]
[Black "Meijers, Viesturs"]
[Result "1-0"]
[WhiteElo "2241"]
[BlackElo "2477"]
[PlyCount "100"]
[EventDate "2004.10.10"]
[EventType "team-tourn"]
[EventRounds "11"]
[EventCountry "GER"]
[SourceTitle "EXT 2006"]
[Source "ChessBase"]
[SourceDate "2005.11.24"]
[SourceVersion "1"]
[SourceVersionDate "2005.11.24"]
[SourceQuality "1"]
[WhiteTeam "Liebschwitz"]
[BlackTeam "Aue Nickelhuette"]
[WhiteTeamCountry "GER"]
[BlackTeamCountry "GER"]

1. c4 e6 2. d4 Nf6 3. Nc3 Bb4 4. Bd2 b6 5. a3 Bxc3 6. Bxc3 Bb7 7. e3 Ne4 8. Rc1 d6 9. Nf3 0-0 10. Be2 Nd7 11. 0-0 f5 12. Be1 f4 13. exf4 Rxf4 14. g3 Rf7 15. Nh4 Ng5 16. f3 Qf6 17. Rc3 Raf8 18. Ng2 Nh3+ 19. Kh1 d5 20. cxd5 Bxd5 21. Rxc7 h5 22. Ne3 Ba8 23. Rxa7 Ng5 24. Rxa8 Rxa8 25. f4 Nh7 26. Bxh5 Rff8 27. Bc3 Rad8 28. Qc2 Qh6 29. Bg6 Nhf6 30. Bb4 Rc8 31. Qd3 Rfd8 32. Be7 Nc5 33. Qc4 b5 34. Qe2 Rxd4 35. Qc2 Nfe4 36. Bxe4 Rxe4 37. Re1 Qh5 38. Kg2 Qe8 39. Bxc5 Qc6 40. Kf2 Ra4 41. Rc1 Qd7 42. Qe2 Qb7 43. Qf3 Qf7 44. Rc3 Ra6 45. Bb4 Rd8 46. Rc5 Qd7 47. Bc3 Qd6 48. Qb7 Rd7 49. Rc8+ Kf7 50. Qf3 Rd8 1-0

[Event "Oberliga Ost-A 0405"]
[Site "Germany"]
[Date "2005.01.30"]
[Round "8.1"]
[White "Neidig, Stefan"]
[Black "Stolz, Mike"]
[Result "1/2-1/2"]
[WhiteElo "2241"]
[BlackElo "2409"]
[PlyCount "153"]
[EventDate "2004.10.10"]
[EventType "team-tourn"]
[EventRounds "11"]
[EventCountry "GER"]
[SourceTitle "EXT 2006"]
[Source "ChessBase"]
[SourceDate "2005.11.24"]
[SourceVersion "1"]
[SourceVersionDate "2005.11.24"]
[SourceQuality "1"]
[WhiteTeam "Liebschwitz"]
[BlackTeam "Magdeburg Rochade"]
[WhiteTeamCountry "GER"]
[BlackTeamCountry "GER"]

1. c4 Nf6 2. Nf3 g6 3. Nc3 Bg7 4. e4 d6 5. d4 0-0 6. Be2 Qe8 7. 0-0 e5 8. d5 a5 9. Ne1 Na6 10. Nd3 Nd7 11. a3 Nac5 12. Be3 f5 13. Nxc5 Nxc5 14. Bxc5 dxc5 15. d6 Qf7 16. dxc7 Qxc7 17. Qd5+ Kh8 18. Rad1 Ra6 19. Nb5 Qe7 20. Nd6 Rb6 21. Qxc5 Rxb2 22. Bf3 Be6 23. Qxa5 Rb3 24. Kh1 fxe4 25. Bxe4 b6 26. Qd2 Rxa3 27. Qb2 Qa7 28. Ra1 Rxf2 29. Qxf2 Rxa1 30. Bb1 Qc7 31. Ne8 Qc5 32. Qxc5 bxc5 33. Bd3 Ra3 34. Nc7 Bg8 35. Rd1 Ra7 36. Nd5 Ra4 37. Kg1 Bh6 38. Be2 Ra2 39. Kf1 Rc2 40. Rb1 Kg7 41. Rb7+ Bf7 42. Bg4 Kg8 43. Nf6+ Kg7 44. Nd5 Rc1+ 45. Kf2 e4 46. Be6 e3+ 47. Nxe3 Bxe3+ 48. Ke2 Kf6 49. Bxf7 Bd4 50. Bd5 h5 51. Rb6+ Kf5 52. Kd2 Rf1 53. Kd3 Rd1+ 54. Ke2 Ra1 55. Rb8 Ra2+ 56. Kd3 Ra3+ 57. Ke2 Bg1 58. Rf8+ Kg5 59. h3 Bd4 60. Rf7 Be5 61. Rf3 Ra2+ 62. Kf1 h4 63. Rf2 Ra1+ 64. Ke2 Bf4 65. Rf1 Ra2+ 66. Kd3 Ra3+ 67. Kc2 Re3 68. Rd1 Kf5 69. Bf3 Be5 70. Rd3 Kf4 71. Rxe3 Kxe3 72. Bd5 g5 73. Kd1 Kf2 74. Kd2 Bf4+ 75. Kd3 Kg3 76. Bf3 g4 77. Bxg4 1/2-1/2

[Event "Oberliga Ost-A 0405"]
[Site "Germany"]
[Date "2004.11.14"]
[Round "3.1"]
[White "Malich, Burkhard"]
[Black "Neidig, Stefan"]
[Result "1/2-1/2"]
[WhiteElo "2360"]
[BlackElo "2241"]
[PlyCount "40"]
[EventDate "2004.10.10"]
[EventType "team-tourn"]
[EventRounds "11"]
[EventCountry "GER"]
[SourceTitle "EXT 2006"]
[Source "ChessBase"]
[SourceDate "2005.11.24"]
[SourceVersion "1"]
[SourceVersionDate "2005.11.24"]
[SourceQuality "1"]
[WhiteTeam "Naumburg"]
[BlackTeam "Liebschwitz"]
[WhiteTeamCountry "GER"]
[BlackTeamCountry "GER"]

1. d4 d5 2. Nf3 Nf6 3. c4 e6 4. Bg5 c6 5. e3 h6 6. Bh4 Be7 7. Bd3 0-0 8. 0-0 Nbd7 9. Nc3 dxc4 10. Bxc4 b5 11. Bd3 a6 12. Qe2 c5 13. Rad1 Qb6 14. Ne5 Rd8 15. Nxd7 Rxd7 16. dxc5 Qxc5 17. Ne4 Nxe4 18. Bxe4 Rxd1 19. Rxd1 Ra7 20. Bg3 Rd7 1/2-1/2

[Event "Oberliga Ost-A 0304"]
[Site "Germany"]
[Date "2004.04.24"]
[Round "10.1"]
[White "Neidig, Stefan"]
[Black "Eichner, Sebastian"]
[Result "1-0"]
[WhiteElo "2232"]
[BlackElo "2276"]
[PlyCount "73"]
[EventDate "2003.11.02"]
[EventType "team-tourn"]
[EventRounds "11"]
[EventCountry "GER"]
[SourceTitle "EXT 2005"]
[Source "ChessBase"]
[SourceDate "2004.11.15"]
[SourceVersion "1"]
[SourceVersionDate "2004.11.15"]
[SourceQuality "1"]
[WhiteTeam "Liebschwitz"]
[BlackTeam "Dresden SC II"]
[WhiteTeamCountry "GER"]
[BlackTeamCountry "GER"]

1. Nf3 d5 2. g3 Nf6 3. Bg2 c5 4. 0-0 Nc6 5. d3 e5 6. e4 d4 7. Nbd2 Be7 8. Nc4 Bg4 9. h3 Bxf3 10. Bxf3 b5 11. Nd2 h5 12. h4 Nd7 13. a4 bxa4 14. Rxa4 Nb6 15. Ra1 g6 16. Bg2 Qd7 17. Nf3 f6 18. Kh2 g5 19. hxg5 h4 20. Nxh4 fxg5 21. Bh3 g4 22. Bxg4 Qd6 23. Bh5+ Kd7 24. Nf5 Qg6 25. g4 Bg5 26. Kg2 Qf6 27. Rh1 Bf4 28. Bxf4 exf4 29. Qf3 Qg5 30. e5 Nxe5 31. Qb7+ Ke6 32. Bf7+ Nxf7 33. Rae1+ Ne5 34. Rxe5+ Kxe5 35. Re1+ Kf6 36. Qe7+ Kg6 37. Qg7# 1-0